| 000 | 00576nam a22001817a 4500 | ||
|---|---|---|---|
| 999 |
_c186715 _d186715 |
||
| 005 | 20220311161545.0 | ||
| 010 | _aENG-131958 | ||
| 020 |
_a9789391657031 _c895.00 |
||
| 035 | _aEN-115490 | ||
| 037 | _bDBAD | ||
| 082 | _a485 | ||
| 100 | _aKrishna kumar Singh | ||
| 245 |
_aImpove Your Vocabulary/ _cKrishna Kumar Singh |
||
| 260 |
_aNew Delhi _bAryan Publication _c2021 |
||
| 270 |
_a110, Gali No. 4, Harphool Vihar, Bapraula, _bNew Delhi _e110043 _k09891896483 _maryanpublication12@gmail.com |
||
| 300 |
_a284p. _c22cm(hbk) |
||
| 942 |
_2ddc _cEN _h485 _mKRI |
||